00671aam a2200265 450000500170000000800410001704100080005808200170006610000370008324500260012026000150014626000130016126000090017430000180018365000150020165000150021665000180023165000300024965000230027965000100030265000170031265000270032965000240035665000250038020170210112141.0150729b xxu||||| |||| 00| 0 spa d aspa a574.5 C8374c aCosta Rica. Leyes, decretos, etc aCódigo ecológico  aCosta Rica bPorvenir c1996 a390 páginas aCOSTA RICA aECOLOGÍA aLEGISLACIÓN aPATRIMONIO ARQUEOLÓGICO aPATRIMONIO NATURAL aAGUAS aLEY FORESTAL aLEY DE SANIDAD VEGETAL aLEY DE SALUD ANIMAL aLEY GENERAL DE SALUD